000 00509nam a2200169Ia 4500
008 090123s9999 xx 000 0 und d
082 _b7161
100 _aशेंडे ना.रा.
245 _aविचार प्रबोधिनी
250 _a1
300 _a365
600 _aशेंडे ना.रा.
630 _aविचार प्रबोधिनी
700 _aशेंडे ना.रा.
730 _aविचार प्रबोधिनी
942 _cBOOK
999 _c45226
_d45226